• AIU
  • Tony Wilmot Memorial Library

Muma Maler mar Nyasaye, moting'o Muma Machon kod Muma Manyien. (Record no. 67803)

MARC details
000 -LEADER
fixed length control field 00678nam a2200229u 4500
001 - CONTROL NUMBER
control field 8525306
003 - CONTROL NUMBER IDENTIFIER
control field OSt
005 - DATE AND TIME OF LATEST TRANSACTION
control field 20240102164827.0
008 - FIXED-LENGTH DATA ELEMENTS--GENERAL INFORMATION
fixed length control field 860227t19691968ke b 000 0 fre
010 ## - LIBRARY OF CONGRESS CONTROL NUMBER
LC control number 72980297
020 ## - INTERNATIONAL STANDARD BOOK NUMBER
International Standard Book Number 9789966481146
040 ## - CATALOGING SOURCE
Original cataloging agency DLC
Transcribing agency CarP
Modifying agency DLC
050 00 - LIBRARY OF CONGRESS CALL NUMBER
Classification number BS325
Item number .L86 1976
130 ## - MAIN ENTRY--UNIFORM TITLE
Uniform title Bible. Luo, 1976.
9 (RLIN) 55782
245 10 - TITLE STATEMENT
Title Muma Maler mar Nyasaye, moting'o Muma Machon kod Muma Manyien.
260 ## - PUBLICATION, DISTRIBUTION, ETC. (IMPRINT)
Place of publication, distribution, etc Nairobi :
Name of publisher, distributor, etc Bible Society of Kenya,
Date of publication, distribution, etc 1976.
300 ## - PHYSICAL DESCRIPTION
Extent 846, [274] p.
Other physical details maps.
Dimensions 20 cm.
500 ## - GENERAL NOTE
General note [Africana]
650 ## - SUBJECT ADDED ENTRY--TOPICAL TERM
Topical term or geographic name as entry element Luo language
Form subdivision Texts.
9 (RLIN) 55783
906 ## - LOCAL DATA ELEMENT F, LDF (RLIN)
a 0
b cbc
c premunv
d u
e ncip
f 19
g y-gencatlg
942 ## - ADDED ENTRY ELEMENTS (KOHA)
Source of classification or shelving scheme Library of Congress Classification
Koha item type Africana collection ( Reference)
Holdings
Withdrawn status Lost status Source of classification or shelving scheme Damaged status Not for loan Collection code Home library Current library Shelving location Date acquired Source of acquisition Cost, normal purchase price Total Checkouts Full call number Barcode Date last seen Copy number Price effective from Koha item type
    Library of Congress Classification     Reference AIU/NEGST - Tony Wilmot Memorial Library AIU/NEGST - Tony Wilmot Memorial Library Reference 10/30/2023 Donation - Prof. Robert Priest 9.09   REF BS 325.L86 1976 T16882W3232 12/08/2023 1 12/08/2023 Africana collection ( Reference)